[Event "Titled Tue 21st Feb Early"]
[Site "chess.com INT"]
[Date "2023.02.21"]
[Round "6"]
[White "Svane, R."]
[Black "Timofeev, Arty"]
[Result "1-0"]
[WhiteElo "2616"]
[BlackElo "2567"]
[PlyCount "61"]
[EventDate "2023.02.21"]

1. Nf3 Nf6 2. g3 g6 3. Bg2 Bg7 4. O-O O-O 5. d4 d6 6. Re1 Nbd7 7. e4 e5 8. Nc3 c6 9. a4 a5 10. h3 Re8 11. Be3 Qc7 12. Qd2 Nf8 ({RR} 12... Nb8 13. Rad1 Na6 14. Kh2 Nb4 15. Bg5 Be6 16. b3 Rad8 17. Qc1 Bc8 18. Re2 Qe7 19. Be3 exd4 20. Nxd4 Qc7 21. Bf4 Qb6 22. Red2 d5 23. exd5 Nfxd5 24. Nxd5 Nxd5 25. Bg5 Rd7 26. c4 Nb4 27. c5 {Dobrov,V (2515)-Onischuk,V (2637) Riadh 2017 0-1 (44)}) ({RR} 12... b6 13. Rad1 Bb7 14. Bh6 Rad8 15. Bxg7 Kxg7 16. dxe5 dxe5 17. Qe3 h6 18. Rd2 Nc5 19. Red1 Rxd2 20. Rxd2 Re7 21. Bf1 Bc8 22. b3 Be6 23. Rd1 Rd7 24. Rxd7 Nfxd7 25. Kh2 Qd6 26. Qd2 Qe7 27. Bg2 {Keneshbekov,E (1939)-Vakhidov,T (2356) Korumdu KGZ 2024 0-1 (93)}) 13. Rad1 Ne6 14. g4 Nd7 $146 ({RR} 14... h5 15. g5 Nh7 16. d5 Nd4 17. Nxd4 exd4 18. Bxd4 Bxd4 19. Qxd4 Nxg5 20. dxc6 bxc6 21. Qxd6 Qa7 22. Qg3 Qe7 23. h4 Ne6 24. e5 Nc5 25. Bxc6 Be6 26. Bxa8 Rxa8 27. Nd5 Bxd5 28. Rxd5 Ne6 29. b3 {Bashkov,V (2316)-Korostelev,S (2184) Cheliabinsk 2007 1-0 (38)}) 15. d5 Nf4 16. dxc6 bxc6 17. Qxd6 Qb7 18. Rb1 Qb4 19. Qxc6 Rb8 20. Bxf4 exf4 21. Nd5 Qc5 22. Qxc5 Nxc5 23. e5 Nxa4 24. b3 Bb7 25. Nc7 Nc3 26. Nxe8 Nxb1 27. Nxg7 Bxf3 28. Bxf3 Nd2 29. Bd5 Rd8 30. Ne8 Rxe8 31. Rd1 1-0

[Event "Titled Tue 21st Feb Early"]
[Site "chess.com INT"]
[Date "2023.02.21"]
[Round "7"]
[White "Nakamura, Hi"]
[Black "Makarian, Rudik"]
[Result "1-0"]
[WhiteElo "2768"]
[BlackElo "2562"]
[PlyCount "95"]
[EventDate "2023.02.21"]

1. Nf3 Nf6 2. g3 b5 3. Na3 c6 4. c4 bxc4 5. Nxc4 d5 6. Nce5 e6 7. Bg2 Bd6 8. d4 O-O 9. O-O Nfd7 10. Qc2 $146 ({RR} 10. Bf4 Nxe5 11. Bxe5 c5 12. Rb1 Bb7 13. Bxd6 Qxd6 14. dxc5 Qxc5 15. Qa4 Nc6 16. Rfc1 Qb6 17. b4 Rfc8 18. b5 Na5 19. Ne5 Rc7 20. Nc6 Rac8 21. Rd1 Nxc6 22. bxc6 Bxc6 23. Qa3 Bb5 24. e4 Rc2 {Domingo Nunez,A (2318)-Makarian,R (2547) chess.com INT 2024 0-1 (47)}) 10... Nxe5 11. dxe5 Be7 12. h4 h6 13. Be3 Ba6 14. Rfc1 Nd7 15. Nd4 Nxe5 16. Bf4 Bf6 17. Bxe5 Bxe5 18. Nxc6 Qd6 19. Nxe5 Qxe5 20. e3 Rab8 21. Qa4 Bd3 22. b3 Rb7 23. Qd4 Qxd4 24. exd4 a5 25. Rc3 Bf5 26. Bf1 g5 27. hxg5 hxg5 28. Rc5 Ra8 29. Bb5 Rab8 30. a4 Kg7 31. Kf1 Bg4 32. Ke1 Rh8 33. Kd2 Rh6 34. Ke3 Rf6 35. f4 gxf4+ 36. gxf4 Rh6 37. Rg1 Rh3+ 38. Kd2 f5 39. Rc3 Rxc3 40. Kxc3 Rc7+ 41. Kb2 Kf6 42. b4 axb4 43. a5 Rb7 44. Bd3 Ra7 45. a6 Ke7 46. Kb3 Kd6 47. Kxb4 Kc6 48. Ka5 1-0

[Event "Titled Tue 21st Feb Late"]
[Site "chess.com INT"]
[Date "2023.02.21"]
[Round "5"]
[White "Nakamura, Hi"]
[Black "Swiercz, D."]
[Result "1-0"]
[WhiteElo "2768"]
[BlackElo "2646"]
[PlyCount "165"]
[EventDate "2023.02.21"]

1. Nf3 Nf6 2. g3 g6 3. Bg2 Bg7 4. b3 O-O 5. Bb2 c5 6. e3 ({RR} 6. c4 b6 7. d4 Bb7 8. d5 e6 9. dxe6 dxe6 10. O-O Qe7 11. Nbd2 Nc6 12. e3 Rad8 13. Qe2 e5 14. Ng5 h6 15. Nge4 Nxe4 16. Nxe4 Nb4 17. Rfd1 f5 18. Nc3 Bxg2 19. Kxg2 Qb7+ 20. Nd5 Nxd5 {Jones,G (2623)-Movahed,S (2339) chess.com INT 2022 1-0 (54)}) ({RR} 6. O-O Nc6 7. d4 cxd4 8. Nxd4 Nxd4 9. Bxd4 d6 10. c4 Qc7 11. Nc3 Bd7 12. Nd5 Nxd5 13. Bxg7 Kxg7 14. Bxd5 Bc6 15. Qd4+ f6 16. Rac1 Rac8 17. Be6 Bd7 18. Bxd7 Qxd7 19. Rfd1 b6 20. b4 Qe6 {Abrahams,D (2166)-Ballotti,L (2172) chess.com INT 2024 0-1 (31)}) 6... Nc6 7. d4 $146 ({RR} 7. O-O d6 8. d4 Qc7 9. c4 Bg4 10. Nc3 Rad8 11. Nb5 Qb8 12. h3 Bf5 13. g4 Bd7 14. Qe2 h5 15. Nh2 a6 16. Na3 cxd4 17. exd4 Qc8 18. f3 hxg4 19. hxg4 d5 20. Rfd1 Qc7 21. Rac1 Bh6 {Perez Almeda,E-Mendoza Navas,P (2195) Malaga 1996 0-1 (47)}) 7... cxd4 8. Nxd4 d5 9. Nxc6 bxc6 10. Nd2 Bg4 11. Qc1 Re8 12. c4 e5 13. O-O Rc8 14. h3 Bf5 15. Re1 h5 16. Qc3 Qd7 17. Kh2 d4 18. Qa5 c5 19. e4 Be6 20. Nf3 Nh7 21. Rad1 Qc7 22. Qxc7 Rxc7 23. Re2 Rb8 24. Ne1 Nf6 25. Nd3 Nd7 26. Rc2 a5 27. Ba3 f6 28. h4 Bf8 29. Bh3 Bxh3 30. Kxh3 a4 31. Rb1 Ra7 32. Bc1 Bd6 33. f3 Kf7 34. Bd2 axb3 35. axb3 Ra3 36. Rcb2 Nb6 37. Nf2 Rba8 38. Kg2 Ke6 39. Kf1 Ra2 40. Ke2 Rxb2 41. Rxb2 Ra1 42. Nd3 f5 43. Bc1 Nd7 44. Bg5 Rg1 45. Kf2 Rd1 46. Ke2 Rg1 47. Kf2 Rd1 48. Ne1 Bc7 49. Ke2 Ra1 50. Nd3 Ba5 51. Bd2 Bxd2 52. Rxd2 Rg1 53. Kf2 Rb1 54. Rb2 Rxb2+ 55. Nxb2 Nf6 56. Nd3 Kd6 57. b4 cxb4 58. exf5 gxf5 59. Nxb4 e4 60. Na6 Ke5 61. c5 Nd5 62. c6 Kd6 63. g4 e3+ 64. Ke2 Nf4+ 65. Kd1 d3 66. c7 Kd7 67. gxh5 e2+ 68. Kd2 Kc8 69. Nb4 Kxc7 70. h6 Ng6 71. h5 Nh8 72. Nxd3 Kd6 73. Nf4 Ke5 74. Ng6+ Kf6 75. Nxh8 f4 76. Ng6 Kg5 77. h7 Kh6 78. h8=Q+ Kg5 79. Qe5+ Kh6 80. Qxf4+ Kg7 81. Kxe2 Kh7 82. Ne5 Kh8 83. Qg5 1-0

[Event "Titled Tue 21st Feb Late"]
[Site "chess.com INT"]
[Date "2023.02.21"]
[Round "6"]
[White "Svane, R."]
[Black "Christiansen, Johan-Sebastian"]
[Result "1-0"]
[WhiteElo "2616"]
[BlackElo "2577"]
[PlyCount "93"]
[EventDate "2023.02.21"]

1. Nf3 c5 2. c4 Nc6 3. Nc3 g6 4. e3 Bg7 5. d4 f5 ({RR} 5... Nf6 6. Be2 cxd4 7. exd4 d5 8. c5 Bg4 9. O-O O-O 10. a3 Ne4 11. Qd3 e5 12. dxe5 Nxc5 13. Qxd5 Qxd5 14. Nxd5 Rfd8 15. Ne3 Bxf3 16. Bxf3 Nxe5 17. Bd5 Rd7 18. b4 Ncd3 19. Ra2 Rad8 20. Rc2 {Brahami,L (2188)-Goncalves,S (2190) chess.com INT 2024 1-0 (51)}) 6. Be2 ({RR} 6. g3 Nh6 7. Bg2 Nf7 8. b3 d6 9. Bb2 e5 10. dxe5 dxe5 11. e4 O-O 12. O-O Nd4 13. Nd5 Nxf3+ 14. Qxf3 Ng5 15. Qe2 f4 16. f3 Ne6 17. Rad1 fxg3 18. hxg3 Nd4 19. Bxd4 cxd4 20. Kh2 Be6 {Gledura,B (2613)-Hillarp Persson,T (2537) Stockholm 2018 ½-½ (37)}) 6... b6 $146 ({RR} 6... Nh6 7. O-O b6 8. b3 f4 9. Bd3 O-O 10. Be4 Rb8 11. Bb2 fxe3 12. fxe3 cxd4 13. exd4 Ng4 14. Qd2 Bh6 15. Qe2 e6 16. d5 Nb4 17. a3 Na6 18. b4 Nc7 19. Qd3 Rf7 20. Rae1 Bg7 21. dxe6 {Butnorius,A (2434)-Miezis,N (2481) Mezezers 2000 1-0 (37)}) 7. O-O Nf6 8. b3 O-O 9. Bb2 d6 10. Qc2 e5 11. dxe5 dxe5 12. Rad1 Qe8 13. Nd5 Nxd5 14. cxd5 Nb4 15. Qb1 e4 16. Nd2 Bxb2 17. Qxb2 Bb7 18. Nb1 Rd8 19. Nc3 Qe5 20. Bc4 Kg7 21. Qd2 a6 22. a3 Nc6 23. Na4 b5 24. Nxc5 bxc4 25. Nxb7 c3 26. Qc2 Na7 27. Nxd8 Rxd8 28. a4 Rc8 29. Rd4 Rc5 30. Rc4 Rxd5 31. Qxc3 Qxc3 32. Rxc3 Rd7 33. Rfc1 Kf6 34. Rc7 Ke6 35. Rxd7 Kxd7 36. f3 exf3 37. gxf3 Nc6 38. Kf2 Ne5 39. Ke2 Kd6 40. b4 Nc6 41. b5 axb5 42. axb5 Na5 43. b6 g5 44. Rc7 h5 45. Rg7 g4 46. b7 Nc6 47. Rg6+ 1-0

[Event "Titled Tue 21st Feb Late"]
[Site "chess.com INT"]
[Date "2023.02.21"]
[Round "7"]
[White "Nakamura, Hi"]
[Black "Kravtsiv, M."]
[Result "1-0"]
[WhiteElo "2768"]
[BlackElo "2598"]
[PlyCount "95"]
[EventDate "2023.02.21"]

1. Nf3 Nf6 2. g3 d5 3. Bg2 e6 4. d3 c5 5. Nbd2 Nc6 6. e4 Bd6 7. O-O O-O 8. Re1 Bc7 9. c3 e5 ({RR} 9... a5 10. a4 dxe4 11. dxe4 e5 12. Qc2 h6 13. Nc4 Be6 14. Ne3 Qe7 15. Nh4 Rfd8 16. Qe2 Qf8 17. Nef5 Ne7 18. Qf3 Nxf5 19. Nxf5 Nd7 20. g4 c4 21. g5 hxg5 22. Bxg5 f6 23. Be3 Bb6 24. Kh1 {Kshatriya,N (2133)-Vijayalakshmi,S (2332) Bengaluru IND 2025 1-0 (46)}) 10. a3 ({RR} 10. exd5 Nxd5 11. Nc4 Re8 12. Ng5 Be6 13. Nxe6 Rxe6 14. Qb3 Nb6 15. Be3 Qxd3 16. Nxb6 Bxb6 17. Rad1 Qf5 18. Rd5 Rf6 19. Qc4 Rc8 20. Qh4 h6 21. Red1 Rd8 22. Rxd8+ Nxd8 23. Be4 Qe6 24. Bd5 Qf5 {Kuzubov,Y (2634)-Socko,B (2643) Austria 2010 ½-½ (80)}) 10... dxe4 11. dxe4 b6 $146 ({RR} 11... h6 12. Qe2 Be6 13. Nh4 Qd7 14. Nc4 Bxc4 15. Qxc4 Na5 16. Qa2 c4 17. Be3 Rfd8 18. Bf3 Ng4 19. Nf5 Nxe3 20. Nxe3 Qc6 21. Nd5 Bd6 22. Bd1 Kh8 23. Bc2 Bc5 24. Re2 a6 25. Qb1 Nb3 26. Bxb3 {Klenburg,M (2437)-Gomes,M (2284) Pardubice 2010 ½-½ (45)}) 12. b4 cxb4 13. axb4 Be6 14. Bf1 a5 15. b5 Ne7 16. Ng5 Bg4 17. Qb3 h6 18. Ngf3 Be6 19. Bc4 Bxc4 20. Nxc4 Ng6 21. Ba3 Re8 22. Rad1 Qc8 23. Ne3 Nxe4 24. Nd5 Nf6 25. Nxf6+ gxf6 26. c4 Qf5 27. Nd2 e4 28. Qe3 Rad8 29. c5 bxc5 30. Qxc5 Qxc5 31. Bxc5 Ne5 32. Be3 Rxd2 33. Bxd2 Nf3+ 34. Kf1 Nxe1 35. Rxe1 Kh7 36. Rc1 Bb6 37. Rc6 Rb8 38. Rxf6 Bd4 39. Rxf7+ Kg6 40. Rd7 Be5 41. Rd5 Bf6 42. Bxa5 Ra8 43. b6 Rb8 44. Rb5 Rb7 45. Bd2 Bd4 46. Be3 Bxe3 47. fxe3 Kf6 48. g4 1-0

[Event "PRO League Prelim 2023"]
[Site "chess.com INT"]
[Date "2023.02.21"]
[Round "2.2"]
[White "Carlsen, M."]
[Black "Aronyak, Ghosh"]
[Result "1-0"]
[WhiteElo "2852"]
[BlackElo "2530"]
[PlyCount "75"]
[EventDate "2023.02.14"]
[WhiteTeam "Canada ChessBrahs"]
[BlackTeam "Indian Yogis"]

1. Nf3 Nf6 2. g3 b5 3. e3 a6 4. Bg2 Bb7 5. O-O e6 6. b3 ({RR} 6. Qe2 Be7 7. a4 b4 8. d3 O-O 9. e4 d6 10. Nbd2 Nbd7 11. h3 Nc5 12. Nc4 a5 13. b3 Nfd7 14. Be3 d5 15. exd5 exd5 16. Ncd2 Bf6 17. Bxc5 Nxc5 18. Rae1 Bc3 19. Qe7 Qxe7 20. Rxe7 Ne6 {Zamengo,F (2368)-Lo Presti,G (2086) Trieste ITA 2025 1-0 (60)}) 6... c5 7. c4 bxc4 ({RR} 7... Be7 8. Nc3 O-O 9. d4 cxd4 10. exd4 b4 11. Na4 d6 12. d5 exd5 13. Nd4 Nbd7 14. Nf5 Re8 15. cxd5 Bf8 16. Bf4 Ne5 17. Rc1 Rc8 18. Rxc8 Qxc8 19. Ne3 Ng6 20. Qd4 Nxf4 21. Qxf4 Qd8 22. Qxb4 {Carlsen,M (2832)-Oparin,G (2662) chess.com INT 2024 1-0 (46)}) 8. bxc4 d6 $146 ({RR} 8... Be7 9. Nc3 O-O 10. Rb1 Qc8 11. Ba3 d6 12. Qe2 Nbd7 13. Rb3 Bc6 14. d3 Qc7 15. Nh4 Rfe8 16. e4 Nb6 17. f4 Nfd7 18. Nf3 Na4 19. Nb1 Bf6 20. g4 g6 21. g5 Bg7 22. h4 f5 23. h5 {Blohberger,F (2335)-Esipenko,A (2540) Montevideo 2017 0-1 (34)}) 9. Nc3 Nbd7 10. Rb1 Rb8 11. d4 Be7 12. d5 exd5 13. cxd5 O-O 14. e4 Re8 15. h3 Bf8 16. Re1 Qc7 17. Bf4 g6 18. Nd2 Nh5 19. Be3 Bg7 20. Qc2 Ba8 21. Na4 Nb6 22. Nxb6 Rxb6 23. Rxb6 Qxb6 24. Nc4 Qc7 25. Qa4 Nf6 26. Qxa6 Bf8 27. Rb1 Qd8 28. Nb6 Nd7 29. a4 Nxb6 30. Rxb6 Qf6 31. Qb5 Rd8 32. a5 c4 33. Qxc4 Qa1+ 34. Kh2 Qxa5 35. Ra6 Qe1 36. Qc7 Re8 37. Qd7 Rb8 38. Ra7 1-0

[Event "PRO League Prelim 2023"]
[Site "chess.com INT"]
[Date "2023.02.21"]
[Round "2.2"]
[White "Artemiev, V."]
[Black "Jacobson, Brandon"]
[Result "1-0"]
[WhiteElo "2701"]
[BlackElo "2543"]
[PlyCount "111"]
[EventDate "2023.02.14"]
[WhiteTeam "Brazil Capybaras"]
[BlackTeam "Charlotte Cobras"]

1. Nf3 d5 2. g3 g6 3. Bg2 Bg7 4. d4 Nh6 5. O-O Nf5 6. c3 Nd6 7. Nbd2 Nd7 8. Re1 Nf6 9. b3 ({RR} 9. Ne5 O-O 10. f3 Nd7 11. Nxd7 Bxd7 12. e4 dxe4 13. Nxe4 b6 14. Nf2 c5 15. Bg5 Re8 16. dxc5 bxc5 17. Bxe7 Rxe7 18. Qxd6 Bf8 19. Qd2 Be6 20. Qf4 Qb6 21. Re2 Bf5 22. Rxe7 Bxe7 23. Re1 Bd6 {Kramnik,V (2812)-Topalov,V (2761) Leuven 2016 0-1 (68)}) ({RR} 9. Ne5 O-O 10. f3 c6 11. e4 Be6 12. Nd3 dxe4 13. fxe4 Bg4 14. Qb3 Be6 15. Qb4 a5 16. Qc5 b6 17. Qg5 h6 18. Qf4 Nc4 19. Nxc4 Bxc4 20. Ne5 Bb5 21. a4 Nh5 22. Qe3 Ba6 23. Nxc6 Qc7 {Bykov,E (2430)-Sedaghati,M (2099) chess.com INT 2024 1-0}) ({RR} 9. Ne5 O-O 10. Nb3 c6 11. f3 Nd7 12. Nxd7 Bxd7 13. e4 dxe4 14. fxe4 e5 15. Nc5 Bc8 16. Be3 Qe7 17. Bf2 Rd8 18. Qc2 exd4 19. cxd4 Nb5 20. d5 Nd4 21. Qc4 b5 22. Qc1 Bg4 23. dxc6 Rac8 {Hong,A (2504)-Jacobson,B (2524) Chess.com INT 2022 1-0 (42)}) 9... O-O 10. c4 c6 11. a4 $146 ({RR} 11. Bb2 a5 12. a4 Bf5 13. Rc1 Re8 14. Ne5 h5 15. e3 g5 16. c5 Nde4 17. f3 Nxd2 18. Qxd2 Bh7 19. e4 g4 20. exd5 cxd5 21. Qf4 gxf3 22. Bxf3 Rf8 23. Ba3 Be4 24. c6 Qc7 25. Bg2 Rae8 {Meier,G (2657)-Bellaiche,A (2499) Biel 2016 1-0 (37)}) 11... Bf5 12. Ba3 Nfe4 13. e3 Qa5 14. cxd5 cxd5 15. Nxe4 Nxe4 16. Bxe7 Rfc8 17. Ng5 Nc3 18. Qd2 Qb6 19. Bc5 Rxc5 20. dxc5 Qxc5 21. Rac1 Rc8 22. Nf3 Qa3 23. Bf1 Qxb3 24. Nd4 Bxd4 25. Qxd4 Nxa4 26. Rxc8+ Bxc8 27. Qxa7 Bf5 28. Qb8+ Kg7 29. Qe5+ Kg8 30. Rc1 Qb2 31. Qxb2 Nxb2 32. Rc7 b6 33. Rc6 Na4 34. Bb5 Nc5 35. Rxb6 Be6 36. Bc6 Ne4 37. f3 Nf6 38. Kf2 Kg7 39. Ke2 g5 40. Bb5 h6 41. Bd3 Nd7 42. Rd6 Ne5 43. Bc2 Nc4 44. Rd8 Kf6 45. Bb3 Ne5 46. Rh8 Kg7 47. Ra8 Kf6 48. Ra5 Nc6 49. Rc5 Ne7 50. g4 Ke5 51. Ra5 Kd6 52. Ra6+ Ke5 53. Kf2 f5 54. f4+ Kf6 55. gxf5 Kxf5 56. e4+ 1-0

[Event "PRO League Prelim 2023"]
[Site "chess.com INT"]
[Date "2023.02.21"]
[Round "2.2"]
[White "Jones, G."]
[Black "Kosteniuk, A."]
[Result "1-0"]
[WhiteElo "2617"]
[BlackElo "2519"]
[PlyCount "77"]
[EventDate "2023.02.14"]
[WhiteTeam "Norway Gnomes"]
[BlackTeam "Levitov Chess Wizards"]

1. Nf3 {Dautov,Rustem} Nf6 2. g3 b6 3. Bg2 Bb7 4. c4 e6 5. Nc3 Be7 6. O-O O-O 7. Re1 d5 8. cxd5 exd5 9. d4 Na6 10. Bf4 c5 11. Rc1 Ne4 12. dxc5 Nxc3 ({RR} 12... Naxc5 13. Nd4 ({RR} 13. Nb5 g5 14. Be5 ({RR} 14. Be3) 14... Qd7 15. Nc3 Qf5 16. Bd4 Ne6 17. Be3 Bc5 18. Bxc5 bxc5 19. Nxe4 dxe4 20. Qc2 Nd4 21. Nxd4 cxd4 22. Qc7 e3) ({RR} 13. Be5 Re8 14. Nb5 Bf8 15. Nbd4 a5) 13... Bf6 14. Bh3 ({RR} 14. b4 Nxc3 15. Rxc3 Ne6 16. Nxe6 fxe6 17. Rc7 Rf7) 14... Ng5 ({RR} 14... Re8 15. Ncb5 Ng5 ({RR} 15... Re7 16. b4 Ne6 17. Nxe6 fxe6 18. Nc7) 16. Bg2 Bxd4 ({RR} 16... Nge6 17. Nxe6 Nxe6 18. Nd6) 17. Nxd4 Nge6 18. Be3) ({RR} 14... Qe7 15. Nf5) 15. Bxg5 Bxg5 16. e3 Bf6 ({RR} 16... g6 17. Re2 Qe7 18. Nf3) 17. Re2 ({RR} 17. b4 Ne4) 17... g6 ({RR} 17... Re8 18. Rd2) 18. b4 Ne4 19. Nxe4 ({RR} 19. Rec2 Re8 ({RR} 19... Nd6 20. Bg2) 20. Ncb5 Re7 21. Nc6 Bxc6 22. Rxc6) 19... dxe4 20. Rd2 Qe7 21. b5 Bxd4 22. Rxd4 Bc8 ({RR} 22... Rfd8 23. Bd7 ({RR} 23. Rd7 Rxd7 24. Qxd7 Qxd7 25. Bxd7 Kf8 26. Rc7 Bd5) 23... Bc8 ({RR} 23... Qe5 24. Bc6 Rxd4 25. exd4 Qe7 26. d5) 24. Bc6 Bb7 25. Bxb7 Rxd4 26. Qxd4 Qxb7 27. Qe5) 23. Bd7 Bxd7 24. Rxd7 Qa3 25. Rc2 ({RR} 25. Qd2 a6 26. bxa6 Rxa6) 25... Qa4 ({RR} 25... a6 26. bxa6 Rxa6 27. Qd5) 26. Rd5 Rae8 ({RR} 26... Rac8 27. Rxc8 Qxd1+ 28. Rxd1 Rxc8 29. Rd7 Ra8 30. a4 a6 31. Rb7 axb5 32. axb5 h5 33. Rxb6 Ra1+ 34. Kg2 Rb1 35. h3 Kg7 36. g4 hxg4 37. hxg4 g5) ({RR} 26... a6 27. Qe2 ({RR} 27. bxa6 Qxa6 ({RR} 27... Rxa6 28. Rd4 Qe8 29. Qb1) 28. Qd4 Qa4) 27... axb5 28. Rd4 Qa5 29. Rxe4) 27. h4 {Anand,V (2725)-Adams,M (2660) Wijk aan Zee 1996 CBM 051 [Dautov,Rustem] 1-0 (45)}) ({RR} 12... Bxc5 13. Rf1 Re8 14. Be5 Nb4 15. a3 Nc6 16. Bf4 Nxc3 17. Rxc3 a5 18. Rd3 Ne7 19. Re1 Qc8 20. Be5 Qc6 21. e3 Rad8 22. Bc3 Qc8 23. Nd4 Ba6 24. Rd2 Bxa3 25. Bxa5 bxa5 26. bxa3 Qc3 27. Rc2 {Liu,Z (2286)-Stojanovic,M (2490) Belgrade SRB 2023 ½-½}) 13. Rxc3 Nxc5 14. Nd4 a5 15. Qc2 $146 ({RR} 15. Nf5 Re8 16. Nxe7+ Qxe7 17. Be3 Rad8 18. Bd4 Qd6 19. e3 Ba6 20. Qg4 Ne6 21. Rec1 Qb4 22. Rb3 Qd2 23. Qd1 Qxd1+ 24. Rxd1 Bc4 25. Rxb6 Bxa2 26. Ra1 Bc4 27. b3 Bd3 28. Bc3 d4 29. Bxa5 Rc8 {Burmakin,V (2557)-Naumkin,I (2447) Arco 2015 1-0 (49)}) 15... Bf6 16. Rd1 Qd7 17. h4 Rac8 18. e3 h6 19. Kh2 Ne4 20. Bh3 Rxc3 21. bxc3 Qd8 22. c4 Qa8 23. Nb5 dxc4 24. Nc7 Qa7 25. Nb5 Qa8 26. Nc7 Qa7 27. Bf5 Nc5 28. Qxc4 Bf3 29. Rd2 Qb7 30. Nd5 Bd8 31. e4 Re8 32. Qb5 Rf8 33. Bd6 Nxe4 34. Bxf8 Nxd2 35. Qe8 g6 36. Be7+ Kh7 37. Qxf7+ Kh8 38. Qf8+ Kh7 39. Nf6# 1-0

[Event "PRO League Prelim 2023"]
[Site "chess.com INT"]
[Date "2023.02.21"]
[Round "2.2"]
[White "Caruana, F."]
[Black "Harika, D."]
[Result "1-0"]
[WhiteElo "2766"]
[BlackElo "2507"]
[PlyCount "117"]
[EventDate "2023.02.14"]
[WhiteTeam "Saint Louis Arch Bishops"]
[BlackTeam "MGD1"]

1. Nf3 g6 2. e4 Bg7 3. d4 d6 4. Bd3 Nc6 5. c3 Nf6 6. O-O O-O 7. Re1 e5 8. Nbd2 Nd7 ({RR} 8... h6 9. Nf1 Nh5 10. Ne3 Nf6 11. Bc2 Re8 12. d5 Ne7 13. c4 Nh7 14. Nh4 Bf6 15. Nf3 Bg7 16. g4 Bf6 17. h4 Bd7 18. Kg2 Qc8 19. Kg3 Bg7 20. Rg1 Nf6 21. Nh2 Rf8 22. Kg2 Nh7 23. Kh1 {Carlsen,M (2802)-Radjabov,T (2744) Moscow 2010 0-1 (58)}) 9. Nb3 a5 10. Bg5 Qe8 11. Be3 $146 ({RR} 11. a4 h6 12. Bh4 Nb6 13. Bb5 Bd7 14. Qd2 Nb8 15. dxe5 dxe5 16. Qe2 Nxa4 17. Bxd7 Qxd7 18. Red1 Qc6 19. Rd5 Nb6 20. Rdxa5 N8d7 21. Nfd2 Rfb8 22. Rxa8 Rxa8 23. Rxa8+ Nxa8 24. Qc4 Qxc4 25. Nxc4 b6 {Parligras,M (2572)-Kohlweyer,B (2416) Skopje 2014 ½-½ (41)}) ({RR} 11. a3 Kh8 12. Bb5 f5 13. exf5 gxf5 14. dxe5 dxe5 15. Qd5 Qg6 16. Bc1 e4 17. Nh4 Qg4 18. g3 Nf6 19. Qd1 Ne5 20. Qxg4 Nfxg4 21. Be2 a4 22. Nd4 Bd7 23. Bf4 c5 24. h3 Nxf2 25. Kxf2 cxd4 {Maltsevskaya,A (2404)-Chigaev,M (2624) chess.com INT 2024 0-1 (34)}) 11... a4 12. Nbd2 a3 13. b3 Nf6 14. d5 Nb8 15. c4 Ng4 16. Bg5 h6 17. Bh4 f5 18. h3 Nf6 19. Bxf6 Rxf6 20. c5 Nd7 21. b4 dxc5 22. Rc1 Bf8 23. Bb5 c6 24. dxc6 bxc6 25. Bc4+ Kh7 26. b5 Bb7 27. Qb3 cxb5 28. Bxb5 Rb8 29. Qa4 Bc8 30. exf5 Rxf5 31. Bd3 Rb4 32. Qxa3 Rf7 33. Nc4 Rxf3 34. gxf3 Bb7 35. Be4 Bxe4 36. Rxe4 Bg7 37. Qd3 Nf6 38. a3 Nxe4 39. axb4 Ng5 40. bxc5 Nxh3+ 41. Kf1 Nf4 42. Qe4 Qc8 43. c6 h5 44. Rb1 Qh3+ 45. Ke1 Qh1+ 46. Kd2 Qg2 47. Rb7 Qxf2+ 48. Kc3 Ne2+ 49. Kb4 Qe1+ 50. Kc5 Qg1+ 51. Qe3 Qd1 52. Rxg7+ Kxg7 53. Qxe5+ Kh7 54. c7 Nc1 55. Qe7+ Kh6 56. Qe3+ Kh7 57. c8=Q Nd3+ 58. Kc6 Nb4+ 59. Kb5 1-0

[Event "Bundesliga 2022-23"]
[Site "Schoenaich GER"]
[Date "2023.02.26"]
[Round "9.2"]
[White "Bosiocic, Mari"]
[Black "Narayanan, SL."]
[Result "1-0"]
[WhiteElo "2548"]
[BlackElo "2663"]
[PlyCount "69"]
[EventDate "2022.10.22"]
[WhiteTeam "TSV Schoenaich"]
[BlackTeam "SV Deggendorf"]

1. Nf3 d5 2. g3 Nf6 3. Bg2 c5 4. O-O e6 5. c4 d4 6. e3 Nc6 7. exd4 cxd4 8. d3 h6 9. b3 Bd6 10. Ba3 O-O 11. Bxd6 Qxd6 12. a3 $146 ({RR} 12. Nbd2 e5 13. Re1 Bf5 14. Qe2 Rae8 15. Nh4 Bh7 16. a3 a5 17. Ne4 Nxe4 18. dxe4 Rd8 19. Qd3 g6 20. Bh3 Kg7 21. Reb1 Rfe8 22. Rb2 Re7 23. Bg2 Ra8 24. Nf3 Bg8 25. Ne1 f6 26. Qc2 Rc7 {Mojzis,J (2089)-Knaak,R (2464) Prague CZE 2025 ½-½ (47)}) 12... a5 13. Nbd2 e5 14. Nh4 Be6 15. Qc2 Nd7 16. Ne4 Qc7 17. c5 Na7 18. Rac1 Nb5 19. a4 Na7 20. f4 exf4 21. gxf4 Qd8 22. f5 Bxb3 23. Qxb3 Qxh4 24. Qd5 Rad8 25. Qxb7 Nc8 26. Qc7 f6 27. Rf3 Ne5 28. Rg3 Rd7 29. Qxa5 Ne7 30. Rf1 Nd5 31. c6 Nxc6 32. Qe1 Kh8 33. Nc5 Re7 34. Ne6 Nf4 35. Bxc6 1-0

[Event "TCh-CHN League 2022"]
[Site "Nanjing CHN"]
[Date "2023.02.19"]
[Round "6.1"]
[White "Bu Xiangzhi"]
[Black "Dai, Changren"]
[Result "1-0"]
[WhiteElo "2698"]
[BlackElo "2536"]
[PlyCount "107"]
[EventDate "2023.02.14"]
[EventType "team"]
[WhiteTeam "Shandong"]
[BlackTeam "Tianjin"]

1. Nf3 Nf6 2. g3 b5 3. Bg2 Bb7 4. O-O e6 5. b3 Be7 6. c4 bxc4 7. bxc4 c5 8. Nc3 d6 ({RR} 8... Nc6 9. Rb1 Rb8 10. d3 O-O 11. Bf4 d6 12. Nd2 Qd7 13. Nde4 Nxe4 14. Bxe4 Nd4 15. Bxb7 Rxb7 16. Rxb7 Qxb7 17. Be3 Nf5 18. Qb1 Qa8 19. Bd2 Rb8 20. Qa1 Bf6 21. Rb1 Nd4 22. Rxb8+ Qxb8 23. Qc1 {Marin,M (2539)-Vallejo Pons,F (2711) Tallinn 2016 ½-½ (41)}) ({RR} 8... O-O 9. Rb1 Bc6 10. d3 Na6 11. Bg5 h6 12. Bf4 d6 13. e4 e5 14. Bd2 Nb4 15. a3 Na6 16. Nd5 Nc7 17. Ba5 Bxd5 18. cxd5 Qc8 19. Nd2 a6 20. Nc4 Rb8 21. Qc2 Nb5 22. Bc3 Qd7 23. Ra1 {Aaron,D (2274)-Lancman,K (2075) chess.com INT 2024 1-0 (43)}) 9. Rb1 Bc6 10. Re1 $146 ({RR} 10. d4 cxd4 11. Nxd4 Bxg2 12. Qa4+ Nfd7 13. Kxg2 O-O 14. Ba3 Nb6 15. Qb3 Qc8 16. Ne4 Nc6 17. Nb5 Na5 18. Qf3 Naxc4 19. Nexd6 Nxd6 20. Nxd6 Qa6 21. Rfc1 Nd5 22. Nb5 Bxa3 23. Qxa3 Qxa3 24. Nxa3 Rab8 {Burmakin,V (2590)-Pogorelov,R (2474) Seville 2010 ½-½ (60)}) 10... Nbd7 11. e4 Ne5 12. d4 Nxf3+ 13. Bxf3 cxd4 14. Qxd4 Nd7 15. Ba3 Qa5 16. Bxd6 Bxd6 17. Qxd6 Qc5 18. Qxc5 Nxc5 19. Kg2 Ke7 20. Nd5+ Kd7 21. Nb4 Rab8 22. Re3 a5 23. Rd1+ Kc7 24. Nxc6 Kxc6 25. e5+ Kc7 26. Rd6 Rb6 27. Rxb6 Kxb6 28. Re1 Nd3 29. Rb1+ Kc5 30. Be2 Nb4 31. a3 Nc6 32. Rb7 Rf8 33. f4 Rb8 34. Rc7 Rb2 35. Kf1 Rb1+ 36. Kf2 Rb2 37. Ke1 Kb6 38. Rxf7 Nd4 39. Bd1 Rxh2 40. Rxg7 Nf5 41. Rd7 Nxg3 42. Bg4 Rh4 43. Bxe6 Rxf4 44. Bd5 Rf5 45. e6 Re5+ 46. Kf2 Ne4+ 47. Ke3 Nf6+ 48. Kd4 Nxd7 49. exd7 Rxd5+ 50. Kxd5 Kc7 51. Ke6 Kd8 52. Kd6 h5 53. c5 h4 54. c6 1-0

[Event "23rd ch-EUR Indiv 2023"]
[Site "Vrnjacka Banja SRB"]
[Date "2023.03.06"]
[Round "4.20"]
[White "Gledura, B."]
[Black "Horvath, Dominik"]
[Result "1-0"]
[WhiteElo "2637"]
[BlackElo "2521"]
[PlyCount "79"]
[EventDate "2023.03.03"]

1. Nf3 d5 2. g3 g6 3. Bg2 Bg7 4. O-O e5 5. d3 Ne7 6. e4 O-O 7. b4 dxe4 8. dxe4 Qxd1 9. Rxd1 Be6 10. Be3 f6 11. Nc3 c6 $146 ({RR} 11... Nbc6 12. a3 Kf7 13. Nd5 Rfc8 14. c4 Nb8 15. Bf1 c6 16. Nc3 Nd7 17. c5 b5 18. cxb6 axb6 19. Nd2 b5 20. a4 bxa4 21. Nxa4 Rcb8 22. Nc5 Rxa1 23. Rxa1 Rxb4 24. Ra7 Nf8 25. Nxe6 Nxe6 26. Bc4 {Artemiev,V (2704)-Nakamura,H (2736) chess24.com INT 2021 1-0 (55)}) 12. Bf1 Kf7 13. Nd2 Nd7 14. Nc4 Nc8 15. Na5 Rb8 16. b5 c5 17. Bc4 Ncb6 18. Bxe6+ Kxe6 19. Nd5 Rfc8 20. c4 Bf8 21. Rac1 Bd6 22. Rc2 Nxd5 23. cxd5+ Ke7 24. Rdc1 Rc7 25. Nc4 b6 26. a4 a5 27. f4 Rf8 28. Rf1 Rcc8 29. Rcf2 Bc7 30. g4 exf4 31. Bxf4 Bxf4 32. Rxf4 h6 33. Kg2 Rce8 34. h4 Rb8 35. g5 hxg5 36. hxg5 fxg5 37. Rxf8 Nxf8 38. e5 Nd7 39. Re1 Rd8 40. Kg3 1-0